000 00766nam1a22001931i 4500
001 rc\2158341
005 20240723194314.0
035 _a(NLR Aleph) 006493983
090 _a6161984
_c6161984
100 _a20110829g1978 |||y0rusy50 ca
101 0 _arus
102 _aRU
105 _ay c |||||
200 1 _aЧто читать рабочим сахарной промышленности
_e(Рек. указ. лит. ...)
_fМ-во пищевой пром-сти СССР, ЦНИИ информ. и техн.-экон. исслед. пищевой пром-сти. Центр. науч.-техн. б-ка пищевой пром-сти
210 _aМосква
_cБ. и.
_d1978-
215 _d20
801 0 _aRU
_bNLR
_gpsbo
801 1 _aRU
_bELAR
_2rusmarc
942 _cBOOK